इतिहास-लेखन की अवधारणा एवं आधुनिक विचारधाराएँ / (Record no. 170904)
[ view plain ]
| 000 -LEADER | |
|---|---|
| fixed length control field | 01478nam a22003017a 4500 |
| 003 - CONTROL NUMBER IDENTIFIER | |
| control field | dpl |
| 005 - DATE AND TIME OF LATEST TRANSACTION | |
| control field | 20191230131326.0 |
| 008 - FIXED-LENGTH DATA ELEMENTS--GENERAL INFORMATION | |
| fixed length control field | 180702b xxu||||| |||| 00| 0 eng d |
| 010 ## - LIBRARY OF CONGRESS CONTROL NUMBER | |
| LC control number | B-192798 |
| 020 ## - INTERNATIONAL STANDARD BOOK NUMBER | |
| Terms of availability | 00.00 |
| International Standard Book Number | 818639852X |
| 035 ## - SYSTEM CONTROL NUMBER | |
| System control number | B-192798 |
| 037 ## - SOURCE OF ACQUISITION | |
| Source of stock number/acquisition | Cen Lib/Ret |
| 040 ## - CATALOGING SOURCE | |
| Original cataloging agency | DPL |
| Language of cataloging | HN |
| Transcribing agency | 0 |
| 082 ## - DEWEY DECIMAL CLASSIFICATION NUMBER | |
| Classification number | 907 |
| Item number | माथुर |
| 100 ## - MAIN ENTRY--PERSONAL NAME | |
| Personal name | माथुर, एस.के |
| 9 (RLIN) | 112105 |
| 245 ## - TITLE STATEMENT | |
| Title | इतिहास-लेखन की अवधारणा एवं आधुनिक विचारधाराएँ / |
| Statement of responsibility, etc | एस.के. माथुर [और] डी.सी. त्रिपाठी |
| 246 ## - VARYING FORM OF TITLE | |
| Title proper/short title | Itihas-lekhan ki avdharna evam adhunik vichardharyen / |
| Remainder of title | by S.K. Mathur [aur] D.C. Tripathi |
| 260 ## - PUBLICATION, DISTRIBUTION, ETC. (IMPRINT) | |
| Place of publication, distribution, etc | जयपुर |
| Name of publisher, distributor, etc | रिसर्च पब्लिकेशन्स |
| 270 ## - ADDRESS | |
| Address | 89, त्रिपोलिया बाज़ार |
| City | जयपुर |
| 300 ## - PHYSICAL DESCRIPTION | |
| Extent | ii,167पृ. |
| Dimensions | 21सेमी (सजिल्द) |
| 500 ## - GENERAL NOTE | |
| General note | सन्दर्भ सूची शामिल |
| 650 ## - SUBJECT ADDED ENTRY--TOPICAL TERM | |
| Topical term or geographic name as entry element | इतिहास -- मानव जाति का अतीत |
| 9 (RLIN) | 100471 |
| 650 ## - SUBJECT ADDED ENTRY--TOPICAL TERM | |
| Topical term or geographic name as entry element | इतिहास लेखन -- धार्मिक विचारधारा |
| 9 (RLIN) | 82755 |
| 650 ## - SUBJECT ADDED ENTRY--TOPICAL TERM | |
| Topical term or geographic name as entry element | History -- Mankind's past |
| 9 (RLIN) | 100472 |
| 650 ## - SUBJECT ADDED ENTRY--TOPICAL TERM | |
| Topical term or geographic name as entry element | Historiography - Religious ideology |
| 9 (RLIN) | 100473 |
| 700 ## - ADDED ENTRY--PERSONAL NAME | |
| Personal name | त्रिपाठी, डी.एस. |
| 9 (RLIN) | 44003 |
| 942 ## - ADDED ENTRY ELEMENTS (KOHA) | |
| Source of classification or shelving scheme | Dewey Decimal Classification |
| Koha item type | Hindi Books |
| Classification part | 907 |
| Call number suffix | माथुर |
| Withdrawn status | Lost status | Source of classification or shelving scheme | Damaged status | Not for loan | Collection code | Home library | Current library | Date acquired | Cost, normal purchase price | Total Checkouts | Full call number | Barcode | Date last seen | Cost, replacement price | Price effective from | Koha item type |
|---|---|---|---|---|---|---|---|---|---|---|---|---|---|---|---|---|
| Dewey Decimal Classification | Non-fiction | Sarojini Nagar | Sarojini Nagar | 30/12/2019 | 400.00 | 907 माथुर | B-192798 | 30/12/2019 | 400.00 | 30/12/2019 | Hindi Books |
